Minimum contributif et pension de réversion : vers des conditions d'attribution tous régimes (notice n° 1589553)

détails MARC
000 -LEADER
fixed length control field 02810cam a2200193 4500500
005 - DATE AND TIME OF LATEST TRANSACTION
control field 20251228064211.0
041 ## - LANGUAGE CODE
Language code of text/sound track or separate title fre
042 ## - AUTHENTICATION CODE
Authentication code dc
100 10 - MAIN ENTRY--PERSONAL NAME
Personal name Chaslot-Robinet, Sylvie
Relator term author
245 00 - TITLE STATEMENT
Title Minimum contributif et pension de réversion : vers des conditions d'attribution tous régimes
260 ## - PUBLICATION, DISTRIBUTION, ETC.
Date of publication, distribution, etc. 2010.<br/>
500 ## - GENERAL NOTE
General note 70
520 ## - SUMMARY, ETC.
Summary, etc. Le choix des États-Unis dans l’analyse de certaines formes de migrations et communautarisation territoriale des personnes âgées est motivé par l’existence d’importantes recherches sur les mouvements migratoires à la retraite outre-Atlantique, mais aussi par l’émergence et le développement de « villages senior » comme formes concrètes de communautés fermées ( gated communities). Ces « cloisonnements » territoriaux s’inscrivent dans une tradition pluriséculaire d’ouverture aux diverses formes de communautarisme qui prirent forme aux États-Unis d’Amérique avec la colonisation et au fil des différentes vagues migratoires qui les renforcèrent. L’intérêt de l’observation des processus à l’œuvre porte ici sur l’émergence de l’âge perçu comme critère pertinent non seulement pour la définition de flux migratoires, mais aussi pour la création de regroupements humains et l’aménagement de lieux de vie où, ainsi rassemblés, les individus pensent mieux maîtriser leur vieillissement pour s’inscrire dans un modèle particulier de « bien vieillir ».
520 ## - SUMMARY, ETC.
Summary, etc. Migration and territorial communitization of retired people in the United States Choosing the United States for analysing certain types of migration and territorial communitization of retired people is prompted by the existence of significant research carried out on migratory movements upon retirement in the United States, and also by the emergence and development of “senior citizen villages” as veritable illustrations of gated communities. These territorial “partitions” are part of a multisecular tradition of openness towards diverse types of communities which established themselves in the United States during colonization and which flourished with the various migratory waves. It is relevant here to observe these processes at work, where age emerges as pertinent criteria, not only for defining migratory flows but also for generating groups of people and for creating living spaces where, in their groups, these individuals, believing they control their aging process better, are part of a specific model of “aging well”.
700 10 - ADDED ENTRY--PERSONAL NAME
Personal name Bridenne, Isabelle
Relator term author
700 10 - ADDED ENTRY--PERSONAL NAME
Personal name Couhin, Julie
Relator term author
786 0# - DATA SOURCE ENTRY
Note Retraite et société | 59 | 3 | 2010-09-08 | p. 218-230 | 1167-4687
856 41 - ELECTRONIC LOCATION AND ACCESS
Uniform Resource Identifier <a href="https://shs.cairn.info/revue-retraite-et-societe1-2009-3-page-218?lang=fr&redirect-ssocas=7080">https://shs.cairn.info/revue-retraite-et-societe1-2009-3-page-218?lang=fr&redirect-ssocas=7080</a>

Pas d'exemplaire disponible.

PLUDOC

PLUDOC est la plateforme unique et centralisée de gestion des bibliothèques physiques et numériques de Guinée administré par le CEDUST. Elle est la plus grande base de données de ressources documentaires pour les Étudiants, Enseignants chercheurs et Chercheurs de Guinée.

Adresse

627 919 101/664 919 101

25 boulevard du commerce
Kaloum, Conakry, Guinée

Réseaux sociaux

Powered by Netsen Group @ 2025